[Event "-chT Youth Countries 2019"]
[Site "Wuerzburg"]
[Date "2019.10.02"]
[Round "2.5"]
[White "Wang, Xinyuan"]
[Black "Bashylina, Luisa"]
[Result "1-0"]
[WhiteElo "2020"]
[BlackElo "1933"]
[Annotator "NA"]
[PlyCount "83"]
[EventDate "2019.10.02"]
[EventType "team-tourn"]
[EventRounds "7"]
[EventCountry "GER"]
[SourceTitle "playchess.com"]
[Source "ChessBase"]
[SourceQuality "1"]
[WhiteTeam "Baden 1"]
[BlackTeam "Nordrhein-Westfalen"]
[TimeControl "40/5400+30:1800+30"]

1. d4 {[%emt 0:00:00]} Nf6 {[%emt 0:00:00]} 2. c4 {[%emt 0:00:00]} g6 {[%emt 0:00:00]} 3. Nc3 {[%emt 0:00:00]} Bg7 {[%emt 0:00:00]} 4. e4 {[%emt 0:00:00]} d6 {[%emt 0:00:00]} 5. f3 {[%emt 0:00:00]} O-O {[%emt 0:00:00]} 6. Be3 {[%emt 0:00:32]} Nc6 {[%emt 0:00:04]} 7. Bd3 {[%emt 0:00:27]} e5 {[%emt 0:01:23]} 8. d5 {[%emt 0:00:11]} Nb4 {[%emt 0:05:38]} 9. Bb1 {[%emt 0:00:09]} Nh5 {[%emt 0:00:35]} 10. a3 {[%emt 0:01:15]} Na6 {[%emt 0:00:09]} 11. Nge2 {[%emt 0:00:29]} f5 {[%emt 0:00:40]} 12. exf5 {[%emt 0:00:59]} gxf5 {[%emt 0:00:18]} 13. Qd2 {[%emt 0:08:05]} Nc5 {[%emt 0:05:57]} 14. Bc2 {[%emt 0:01:45]} a5 {[%emt 0:04:16]} 15. O-O-O {[%emt 0:05:52]} Qh4 {[%emt 0:05:05]} 16. g4 {[%emt 0:05:31]} Nf4 {[%emt 0:09:27]} 17. Nxf4 {[%emt 0:04:28]} exf4 {[%emt 0:00:07]} 18. Qf2 {[%emt 0:06:29]} Qxf2 {[%emt 0:07:15]} 19. Bxf2 {[%emt 0:00:41]} Kh8 {[%emt 0:17:16]} 20. Nb5 {[%emt 0:05:15]} Na6 {[%emt 0:06:43]} 21. Rde1 {[%emt 0:02:44]} Be5 {[%emt 0:04:55]} 22. Bd4 {[%emt 0:02:17]} Bxd4 {[%emt 0:01:08]} 23. Nxd4 {[%emt 0:01:45]} fxg4 {[%emt 0:07:24]} 24. fxg4 {[%emt 0:04:15]} f3 {[%emt 0:03:43]} 25. Rhf1 {[%emt 0:09:13]} Bxg4 {[%emt 0:01:35]} 26. Re7 {[%emt 0:01:07]} h5 {[%emt 0:03:08]} 27. h3 {[%emt 0:04:54]} Bxh3 {[%emt 0:01:30]} 28. Rxf3 {[%emt 0:00:10]} Bg4 {[%emt 0:01:07]} 29. Rg3 {[%emt 0:00:52]} Rf1+ {[%emt 0:04:48]} 30. Kd2 {[%emt 0:01:06]} Rf4 {[%emt 0:03:00]} 31. Ke3 {[%emt 0:00:55]} Rf1 {[%emt 0:01:21]} 32. Rh7+ {[%emt 0:01:29]} Kg8 {[%emt 0:00:03]} 33. Rxh5 {[%emt 0:01:34]} Re8+ {[%emt 0:00:28]} 34. Ne6 {[%emt 0:01:43]} Rf3+ {[%emt 0:00:27]} 35. Rxf3 {[%emt 0:00:08]} Bxh5 {[%emt 0:00:07]} 36. Rg3+ {[%emt 0:01:25]} Kf7 {[%emt 0:01:34]} 37. Rg5 {[%emt 0:01:46]} Rh8 {[%emt 0:01:57]} 38. Nf4 {[%emt 0:01:03]} Re8+ {[%emt 0:03:33]} 39. Kf2 {[%emt 0:00:14]} Bd1 {[%emt 0:01:59]} 40. Bxd1 {[%emt 0:00:47]} Re4 {[%emt 0:00:35]} 41. Rf5+ {[%emt 0:31:39]} Ke7 {[%emt 0:30:43]} 42. Ng6+ {[%emt 0:02:18] normal Nb8} 1-0

[Event "-chT Youth Countries 2019"]
[Site "Wuerzburg"]
[Date "2019.10.02"]
[Round "2.5"]
[White "Farokhi, Keyvan"]
[Black "Reitz, Theresa"]
[Result "1-0"]
[WhiteElo "2018"]
[BlackElo "1935"]
[Annotator "NA"]
[PlyCount "44"]
[EventDate "2019.10.02"]
[EventType "team-tourn"]
[EventRounds "7"]
[EventCountry "GER"]
[SourceTitle "playchess.com"]
[Source "ChessBase"]
[SourceQuality "1"]
[WhiteTeam "Schleswig-Holstein"]
[BlackTeam "Rheinland-Pfalz"]
[TimeControl "40/5400+30:1800+30"]

1. d4 {[%emt 0:00:00]} Nf6 {[%emt 0:00:00]} 2. Bf4 {[%emt 0:00:00]} g6 {[%emt 0:00:00]} 3. Nc3 {[%emt 0:00:00]} d5 {[%emt 0:00:02]} 4. e3 {[%emt 0:00:00]} Bg7 {[%emt 0:00:17]} 5. h4 {[%emt 0:00:06]} c5 {[%emt 0:05:46]} 6. Nb5 {[%emt 0:01:45]} Na6 {[%emt 0:03:02]} 7. Nf3 {[%emt 0:00:32]} Bd7 {[%emt 0:13:48]} 8. a4 {[%emt 0:00:42]} O-O {[%emt 0:09:26]} 9. Bd3 {[%emt 0:01:33]} Nb4 {[%emt 0:08:29]} 10. Ne5 {[%emt 0:07:55]} Nxd3+ {[%emt 0:01:38]} 11. Qxd3 {[%emt 0:00:03]} Bf5 {[%emt 0:02:15]} 12. Qe2 {[%emt 0:00:42]} Qa5+ {[%emt 0:01:51]} 13. c3 {[%emt 0:03:36]} a6 {[%emt 0:07:17]} 14. Na3 {[%emt 0:00:29]} Ne4 {[%emt 0:03:01]} 15. g4 {[%emt 0:01:31]} Be6 {[%emt 0:02:13]} 16. f3 {[%emt 0:00:43]} Nd6 {[%emt 0:05:25]} 17. h5 {[%emt 0:00:47]} Rac8 {[%emt 0:08:30]} 18. hxg6 {[%emt 0:00:28]} fxg6 {[%emt 0:01:01]} 19. Qh2 {[%emt 0:00:42]} h5 {[%emt 0:02:39]} 20. Nxg6 {[%emt 0:01:41]} cxd4 {[%emt 0:01:08]} 21. Qxh5 {[%emt 0:01:51]} Rxf4 {[%emt 0:02:30]} 22. Nxf4 {[%emt 0:01:55]} Bf8 {normal} 1-0

[Event "-chT Youth Countries 2019"]
[Site "Wuerzburg"]
[Date "2019.10.02"]
[Round "2.5"]
[White "Hetzner, Hannes"]
[Black "Moenster, Madita"]
[Result "0-1"]
[WhiteElo "1996"]
[BlackElo "1916"]
[Annotator "NA"]
[PlyCount "66"]
[EventDate "2019.10.02"]
[EventType "team-tourn"]
[EventRounds "7"]
[EventCountry "GER"]
[SourceTitle "playchess.com"]
[Source "ChessBase"]
[SourceQuality "1"]
[WhiteTeam "Bayern 1"]
[BlackTeam "Niedersachsen"]
[TimeControl "40/5400+30:1800+30"]

1. e4 {[%emt 0:00:00]} c5 {[%emt 0:00:00]} 2. Nf3 {[%emt 0:00:00]} d6 {[%emt 0:00:00]} 3. d4 {[%emt 0:00:00]} cxd4 {[%emt 0:00:00]} 4. Nxd4 {[%emt 0:00:00]} Nf6 {[%emt 0:00:00]} 5. Nc3 {[%emt 0:00:01]} a6 {[%emt 0:00:01]} 6. Bg5 {[%emt 0:00:10]} Nbd7 {[%emt 0:00:10]} 7. Qe2 {[%emt 0:00:29]} h6 {[%emt 0:00:13]} 8. Bh4 {[%emt 0:00:49]} g6 {[%emt 0:00:13]} 9. f4 {[%emt 0:01:08]} e5 {[%emt 0:00:17]} 10. fxe5 {[%emt 0:00:38]} dxe5 {[%emt 0:00:08]} 11. O-O-O {[%emt 0:00:40]} Qc7 {[%emt 0:00:21]} 12. Nb3 {[%emt 0:00:19]} b5 {[%emt 0:01:41]} 13. Nd5 {[%emt 0:00:25]} Nxd5 {[%emt 0:01:01]} 14. exd5 {[%emt 0:00:37]} Bd6 {[%emt 0:02:04]} 15. Qd2 {[%emt 0:04:35]} Bb7 {[%emt 0:13:46]} 16. Kb1 {[%emt 0:10:12]} Rc8 {[%emt 0:01:50]} 17. Bf2 {[%emt 0:14:11]} Nf6 {[%emt 0:06:29]} 18. Bd3 {[%emt 0:05:01]} Nxd5 {[%emt 0:22:08]} 19. c3 {[%emt 0:13:38]} Be7 {[%emt 0:04:32]} 20. Qc2 {[%emt 0:05:28]} Nf4 {[%emt 0:04:23]} 21. Bg3 {[%emt 0:14:17]} Nxd3 {[%emt 0:03:41]} 22. Qxd3 {[%emt 0:00:24]} Bf6 {[%emt 0:05:18]} 23. Rhe1 {[%emt 0:06:18]} O-O {[%emt 0:08:01]} 24. Qe3 {[%emt 0:04:51]} Rfe8 {[%emt 0:04:01]} 25. Qxh6 {[%emt 0:05:41]} b4 {[%emt 0:00:52]} 26. Rc1 {[%emt 0:04:04]} Qe7 {[%emt 0:01:28]} 27. Rc2 {[%emt 0:02:07]} bxc3 {[%emt 0:01:57]} 28. bxc3 {[%emt 0:00:35]} Rc4 {[%emt 0:05:11]} 29. Na5 {[%emt 0:05:31]} Bg5 {[%emt 0:03:22]} 30. Qh3 {[%emt 0:01:28]} Bc8 {[%emt 0:02:34]} 31. Rxe5 {[%emt 0:00:47]} Qd8 {[%emt 0:07:36]} 32. Nxc4 {[%emt 0:00:47]} Bxh3 {[%emt 0:00:19]} 33. gxh3 {[%emt 0:00:38]} Qd1+ {[%emt 0:00:47] normal} 0-1

[Event "-chT Youth Countries 2019"]
[Site "Wuerzburg"]
[Date "2019.10.02"]
[Round "2.5"]
[White "Kluehs, Gustaf"]
[Black "Arnhold, Steffi"]
[Result "0-1"]
[WhiteElo "1902"]
[BlackElo "2042"]
[Annotator "NA"]
[PlyCount "72"]
[EventDate "2019.10.02"]
[EventType "team-tourn"]
[EventRounds "7"]
[EventCountry "GER"]
[SourceTitle "playchess.com"]
[Source "ChessBase"]
[SourceQuality "1"]
[WhiteTeam "Berlin"]
[BlackTeam "Sachsen"]
[TimeControl "40/5400+30:1800+30"]

1. d4 {[%emt 0:00:00]} Nf6 {[%emt 0:00:00]} 2. Nf3 {[%emt 0:00:00]} d5 {[%emt 0:00:00]} 3. c4 {[%emt 0:00:00]} e6 {[%emt 0:01:15]} 4. Nc3 {[%emt 0:00:57]} Bb4 {[%emt 0:02:00]} 5. e3 {[%emt 0:02:33]} O-O {[%emt 0:01:47]} 6. Bd3 {[%emt 0:00:38]} c5 {[%emt 0:07:15]} 7. O-O {[%emt 0:04:39]} Nc6 {[%emt 0:02:51]} 8. dxc5 {[%emt 0:01:42]} Bxc5 {[%emt 0:05:48]} 9. a3 {[%emt 0:00:41]} a5 {[%emt 0:01:38]} 10. cxd5 {[%emt 0:01:01]} exd5 {[%emt 0:01:33]} 11. Bd2 {[%emt 0:01:31]} Re8 {[%emt 0:04:25]} 12. Nb5 {[%emt 0:01:24]} Bg4 {[%emt 0:02:53]} 13. Bc3 {[%emt 0:02:27]} Rc8 {[%emt 0:13:47]} 14. Rc1 {[%emt 0:02:14]} Bb6 {[%emt 0:10:39]} 15. Be2 {[%emt 0:00:51]} Ne4 {[%emt 0:02:35]} 16. Bd4 {[%emt 0:04:32]} Bxf3 {[%emt 0:15:31]} 17. Bxf3 {[%emt 0:05:28]} Nxd4 {[%emt 0:02:12]} 18. Nxd4 {[%emt 0:00:07]} Rxc1 {[%emt 0:00:09]} 19. Qxc1 {[%emt 0:00:07]} Bxd4 {[%emt 0:00:17]} 20. exd4 {[%emt 0:00:07]} g6 {[%emt 0:03:08]} 21. Qf4 {[%emt 0:01:03]} Qb6 {[%emt 0:01:20]} 22. Bxe4 {[%emt 0:01:47]} Rxe4 {[%emt 0:00:21]} 23. Qb8+ {[%emt 0:01:36]} Kg7 {[%emt 0:00:09]} 24. h4 {[%emt 0:03:46]} h5 {[%emt 0:03:15]} 25. Rc1 {[%emt 0:01:19]} Qxb2 {[%emt 0:04:16]} 26. Rc8 {[%emt 0:00:51]} Qb1+ {[%emt 0:01:10]} 27. Kh2 {[%emt 0:00:05]} Rxh4+ {[%emt 0:00:06]} 28. Kg3 {[%emt 0:00:02]} Qe4 {[%emt 0:02:55]} 29. Rg8+ {[%emt 0:01:16]} Kh6 {[%emt 0:00:48]} 30. Rh8+ {[%emt 0:00:17]} Kg5 {[%emt 0:00:17]} 31. f4+ {[%emt 0:03:13]} Qxf4+ {[%emt 0:00:17]} 32. Qxf4+ {[%emt 0:00:09]} Rxf4 {[%emt 0:00:05]} 33. Rb8 {[%emt 0:00:08]} Rxd4 {[%emt 0:00:27]} 34. Rxb7 {[%emt 0:00:30]} Rd3+ {[%emt 0:00:31]} 35. Kh2 {[%emt 0:00:05]} Rxa3 {[%emt 0:00:44]} 36. Rb5 {[%emt 0:00:06]} Rd3 {[%emt 0:01:12] normal} 0-1

[Event "-chT Youth Countries 2019"]
[Site "Wuerzburg"]
[Date "2019.10.02"]
[Round "2.5"]
[White "Stockmann, Till"]
[Black "Haack, Kevin"]
[Result "1/2-1/2"]
[WhiteElo "1884"]
[BlackElo "2044"]
[Annotator "NA"]
[PlyCount "171"]
[EventDate "2019.10.02"]
[EventType "team-tourn"]
[EventRounds "7"]
[EventCountry "GER"]
[SourceTitle "playchess.com"]
[Source "ChessBase"]
[SourceQuality "1"]
[WhiteTeam "Sachsen-Anhalt"]
[BlackTeam "Hessen"]
[TimeControl "40/5400+30:1800+30"]

1. e4 {[%emt 0:00:00]} c5 {[%emt 0:00:00]} 2. Nf3 {[%emt 0:00:00]} d6 {[%emt 0:00:00]} 3. d4 {[%emt 0:00:00]} cxd4 {[%emt 0:00:00]} 4. Nxd4 {[%emt 0:00:00]} Nf6 {[%emt 0:00:00]} 5. Nc3 {[%emt 0:00:12]} a6 {[%emt 0:00:00]} 6. Be3 {[%emt 0:05:05]} e6 {[%emt 0:00:18]} 7. Bd3 {[%emt 0:03:49]} b5 {[%emt 0:01:02]} 8. a3 {[%emt 0:04:38]} Bb7 {[%emt 0:00:53]} 9. f4 {[%emt 0:00:59]} Qc7 {[%emt 0:01:45]} 10. Qf3 {[%emt 0:02:04]} Nbd7 {[%emt 0:02:14]} 11. g4 {[%emt 0:09:21]} Nb6 {[%emt 0:01:55]} 12. g5 {[%emt 0:01:30]} Nfd7 {[%emt 0:00:08]} 13. Qh3 {[%emt 0:03:20]} g6 {[%emt 0:03:42]} 14. Rf1 {[%emt 0:02:25]} e5 {[%emt 0:04:23]} 15. Nde2 {[%emt 0:04:15]} exf4 {[%emt 0:13:09]} 16. Bd4 {[%emt 0:07:48]} Ne5 {[%emt 0:00:57]} 17. Nxf4 {[%emt 0:00:51]} Bg7 {[%emt 0:10:40]} 18. O-O-O {[%emt 0:06:03]} Rc8 {[%emt 0:04:19]} 19. Kb1 {[%emt 0:10:24]} h6 {[%emt 0:04:15]} 20. Bxe5 {[%emt 0:09:47]} Bxe5 {[%emt 0:04:00]} 21. Nxg6 {[%emt 0:02:09]} fxg6 {[%emt 0:02:35]} 22. Bxb5+ {[%emt 0:04:49]} axb5 {[%emt 0:03:54]} 23. Qe6+ {[%emt 0:00:15]} Qe7 {[%emt 0:01:06]} 24. Qxg6+ {[%emt 0:00:17]} Kd8 {[%emt 0:00:45]} 25. Rf7 {[%emt 0:01:05]} Qe8 {[%emt 0:01:06]} 26. gxh6 {[%emt 0:07:24]} Rc7 {[%emt 0:01:58]} 27. Rxd6+ {[%emt 0:02:45]} Bxd6 {[%emt 0:06:32]} 28. Qxd6+ {[%emt 0:00:10]} Nd7 {[%emt 0:00:44]} 29. Nxb5 {[%emt 0:00:42]} Rc6 {[%emt 0:00:22]} 30. Qf4 {[%emt 0:02:01]} Rhxh6 {[%emt 0:05:50]} 31. e5 {[%emt 0:00:37]} Rh5 {[%emt 0:14:56]} 32. Nd6 {[%emt 0:04:21]} Rxd6 {[%emt 0:02:41]} 33. exd6 {[%emt 0:00:12]} Qe1+ {[%emt 0:00:43]} 34. Qc1 {[%emt 0:00:32]} Qxc1+ {[%emt 0:02:57]} 35. Kxc1 {[%emt 0:00:25]} Rxh2 {[%emt 0:00:15]} 36. b4 {[%emt 0:01:18]} Be4 {[%emt 0:01:30]} 37. Rf4 {[%emt 0:02:05]} Rxc2+ {[%emt 0:03:16]} 38. Kd1 {[%emt 0:00:21]} Bg6 {[%emt 0:00:21]} 39. Rg4 {[%emt 0:00:25]} Bh5 {[%emt 0:01:03]} 40. Kxc2 {[%emt 0:00:08]} Bxg4 {[%emt 0:00:03]} 41. Kc3 {[%emt 0:31:35]} Nb6 {[%emt 0:31:15]} 42. Kd4 {[%emt 0:00:41]} Kd7 {[%emt 0:00:07]} 43. Kc5 {[%emt 0:01:10]} Na4+ {[%emt 0:00:07]} 44. Kd5 {[%emt 0:00:35]} Be6+ {[%emt 0:00:03]} 45. Ke5 {[%emt 0:00:13]} Nb6 {[%emt 0:00:03]} 46. Kd4 {[%emt 0:00:48]} Kxd6 {[%emt 0:00:05]} 47. Ke4 {[%emt 0:00:26]} Kc6 {[%emt 0:00:58]} 48. Ke5 {[%emt 0:00:21]} Bg8 {[%emt 0:00:07]} 49. Kd4 {[%emt 0:00:20]} Kb5 {[%emt 0:00:03]} 50. Ke4 {[%emt 0:00:28]} Nc4 {[%emt 0:00:10]} 51. Kd4 {[%emt 0:00:30]} Nxa3 {[%emt 0:00:05]} 52. Ke5 {[%emt 0:00:17]} Kxb4 {[%emt 0:00:05]} 53. Kd4 {[%emt 0:00:17]} Nc4 {[%emt 0:00:14]} 54. Ke4 {[%emt 0:00:27]} Be6 {[%emt 0:03:18]} 55. Kd4 {[%emt 0:00:35]} Bd7 {[%emt 0:03:20]} 56. Kd5 {[%emt 0:00:30]} Kb5 {[%emt 0:00:06]} 57. Ke4 {[%emt 0:00:56]} Kc5 {[%emt 0:00:10]} 58. Kf4 {[%emt 0:00:28]} Kd4 {[%emt 0:00:22]} 59. Kg5 {[%emt 0:01:01]} Ke5 {[%emt 0:00:14]} 60. Kg6 {[%emt 0:00:12]} Nd6 {[%emt 0:01:41]} 61. Kg5 {[%emt 0:00:26]} Bf5 {[%emt 0:00:29]} 62. Kh6 {[%emt 0:00:30]} Kf6 {[%emt 0:00:34]} 63. Kh5 {[%emt 0:00:10]} Be6 {[%emt 0:00:00]} 64. Kh4 {[%emt 0:00:00]} Ne4 {[%emt 0:00:00]} 65. Kh5 {[%emt 0:00:00]} Kf5 {[%emt 0:00:00]} 66. Kh6 {[%emt 0:00:00]} Nf6 {[%emt 0:00:00]} 67. Kg7 {[%emt 0:00:00]} Nd7 {[%emt 0:00:00]} 68. Kh8 {[%emt 0:00:00]} Kf6 {[%emt 0:00:00]} 69. Kh7 {[%emt 0:00:00]} Nf8+ {[%emt 0:00:00]} 70. Kh8 {[%emt 0:00:00]} Ng6+ {[%emt 0:00:00]} 71. Kh7 {[%emt 0:00:00]} Bc4 {[%emt 0:00:00]} 72. Kh6 {[%emt 0:00:00]} Bg8 {[%emt 0:00:00]} 73. Kh5 {[%emt 0:00:00]} Ne5 {[%emt 0:00:00]} 74. Kh4 {[%emt 0:00:00]} Bf7 {[%emt 0:00:00]} 75. Kg3 {[%emt 0:00:00]} Ng6 {[%emt 0:00:00]} 76. Kf3 {[%emt 0:00:00]} Be6 {[%emt 0:00:00]} 77. Ke4 {[%emt 0:00:00]} Ke7 {[%emt 0:00:00]} 78. Kd4 {[%emt 0:00:00]} Kd6 {[%emt 0:00:00]} 79. Ke4 {[%emt 0:00:00]} Kc5 {[%emt 0:00:00]} 80. Kd3 {[%emt 0:00:00]} Kb4 {[%emt 0:00:00]} 81. Kd4 {[%emt 0:00:00]} Kb5 {[%emt 0:00:00]} 82. Kd3 {[%emt 0:00:00]} Ka4 {[%emt 0:00:00]} 83. Ke4 {[%emt 0:00:00]} Kb3 {[%emt 0:00:00]} 84. Kd4 {[%emt 0:00:00]} Kb4 {[%emt 0:00:00]} 85. Kd3 {[%emt 0:00:00]} Kc5 {[%emt 0:00:20]} 86. Ke4 {normal} 1/2-1/2

[Event "-chT Youth Countries 2019"]
[Site "Wuerzburg"]
[Date "2019.10.02"]
[Round "2.5"]
[White "Schiewe, Nadin"]
[Black "Grining, Maria"]
[Result "1/2-1/2"]
[WhiteElo "1593"]
[BlackElo "1801"]
[Annotator "NA"]
[PlyCount "123"]
[EventDate "2019.10.02"]
[EventType "team-tourn"]
[EventRounds "7"]
[EventCountry "GER"]
[SourceTitle "playchess.com"]
[Source "ChessBase"]
[SourceQuality "1"]
[WhiteTeam "SG Brandenburg / Berlin"]
[BlackTeam "Baden 2"]
[TimeControl "40/5400+30:1800+30"]

1. d4 {[%emt 0:00:00]} d5 {[%emt 0:00:00]} 2. Nf3 {[%emt 0:00:00]} Nf6 {[%emt 0:00:00]} 3. e3 {[%emt 0:00:00]} e6 {[%emt 0:00:17]} 4. Bd3 {[%emt 0:00:13]} c5 {[%emt 0:00:11]} 5. c3 {[%emt 0:00:10]} Nc6 {[%emt 0:00:11]} 6. Nbd2 {[%emt 0:00:21]} Bd6 {[%emt 0:00:50]} 7. O-O {[%emt 0:00:22]} Qc7 {[%emt 0:00:31]} 8. Qe2 {[%emt 0:01:35]} O-O {[%emt 0:01:06]} 9. dxc5 {[%emt 0:02:02]} Bxc5 {[%emt 0:00:58]} 10. e4 {[%emt 0:00:58]} e5 {[%emt 0:10:24]} 11. exd5 {[%emt 0:05:22]} Nxd5 {[%emt 0:00:15]} 12. Bxh7+ {[%emt 0:00:42]} Kxh7 {[%emt 0:03:59]} 13. Qe4+ {[%emt 0:00:57]} Kg8 {[%emt 0:00:42]} 14. Qxd5 {[%emt 0:00:25]} Be7 {[%emt 0:02:30]} 15. Re1 {[%emt 0:01:27]} Be6 {[%emt 0:04:07]} 16. Qb5 {[%emt 0:05:18]} Rad8 {[%emt 0:04:17]} 17. Nxe5 {[%emt 0:03:38]} Rd5 {[%emt 0:01:58]} 18. Qa4 {[%emt 0:06:02]} Rxe5 {[%emt 0:01:42]} 19. Rxe5 {[%emt 0:03:15]} Qxe5 {[%emt 0:00:12]} 20. Nf3 {[%emt 0:00:12]} Qh5 {[%emt 0:03:52]} 21. Be3 {[%emt 0:04:58]} Bd5 {[%emt 0:04:46]} 22. Qf4 {[%emt 0:06:20]} Rd8 {[%emt 0:09:29]} 23. h3 {[%emt 0:15:18]} Bd6 {[%emt 0:13:18]} 24. Qg4 {[%emt 0:00:48]} Bxf3 {[%emt 0:00:48]} 25. gxf3 {[%emt 0:04:55]} Qe5 {[%emt 0:04:52]} 26. f4 {[%emt 0:01:04]} Qb5 {[%emt 0:01:46]} 27. b3 {[%emt 0:01:57]} Bc5 {[%emt 0:05:11]} 28. Qg5 {[%emt 0:04:01]} b6 {[%emt 0:05:43]} 29. b4 {[%emt 0:01:19]} Rd6 {[%emt 0:00:51]} 30. Kh2 {[%emt 0:02:24]} Rg6 {[%emt 0:05:32]} 31. Qh5 {[%emt 0:01:07]} Nxb4 {[%emt 0:07:31]} 32. cxb4 {[%emt 0:03:34]} Qc6 {[%emt 0:00:09]} 33. Rg1 {[%emt 0:01:02]} Rxg1 {[%emt 0:01:32]} 34. Kxg1 {[%emt 0:00:15]} Bxb4 {[%emt 0:00:30]} 35. Qe5 {[%emt 0:02:30]} Bd6 {[%emt 0:01:49]} 36. Qg5 {[%emt 0:03:49]} Bc5 {[%emt 0:03:32]} 37. Qd8+ {[%emt 0:05:23]} Kh7 {[%emt 0:00:21]} 38. Bxc5 {[%emt 0:00:34]} bxc5 {[%emt 0:00:21]} 39. Qe7 {[%emt 0:00:42]} c4 {[%emt 0:01:37]} 40. Qxf7 {[%emt 0:01:27]} Qg6+ {[%emt 0:01:05]} 41. Qxg6+ {[%emt 0:30:09]} Kxg6 {[%emt 0:30:03]} 42. Kf1 {[%emt 0:00:17]} Kf5 {[%emt 0:01:27]} 43. Ke2 {[%emt 0:00:38]} Kxf4 {[%emt 0:00:00]} 44. a4 {[%emt 0:00:00]} Ke4 {[%emt 0:00:00]} 45. a5 {[%emt 0:00:00]} c3 {[%emt 0:00:00]} 46. h4 {[%emt 0:00:00]} c2 {[%emt 0:00:00]} 47. Kd2 {[%emt 0:00:00]} Kf3 {[%emt 0:00:00]} 48. Kxc2 {[%emt 0:00:00]} Kxf2 {[%emt 0:00:00]} 49. Kb3 {[%emt 0:00:00]} Kg3 {[%emt 0:00:00]} 50. h5 {[%emt 0:00:00]} Kg4 51. Kb4 {[%emt 0:00:00]} Kxh5 {[%emt 0:00:00]} 52. Kb5 {[%emt 0:00:00]} g5 {[%emt 0:00:00]} 53. Ka6 {[%emt 0:00:00]} g4 {[%emt 0:00:00]} 54. Kxa7 {[%emt 0:00:00]} g3 {[%emt 0:00:00]} 55. Kb7 g2 {[%emt 0:00:00]} 56. a6 {[%emt 0:00:00]} g1=Q {[%emt 0:00:00]} 57. a7 {[%emt 0:00:00]} Qb1+ {[%emt 0:00:00]} 58. Ka8 {[%emt 0:00:00]} Qa2 {[%emt 0:00:00]} 59. Kb7 Qb3+ {[%emt 0:00:00]} 60. Ka8 {[%emt 0:00:00]} Qa3 {[%emt 0:00:00]} 61. Kb7 {[%emt 0:00:00]} Qb4+ {[%emt 0:00:00]} 62. Ka8 {[%emt 0:00:00] normal} 1/2-1/2

[Event "-chT Youth Countries 2019"]
[Site "Wuerzburg"]
[Date "2019.10.02"]
[Round "2.5"]
[White "Unbehend, Marius"]
[Black "Khamenya, Vitalia"]
[Result "0-1"]
[WhiteElo "1461"]
[BlackElo "1908"]
[Annotator "NA"]
[PlyCount "83"]
[EventDate "2019.10.02"]
[EventType "team-tourn"]
[EventRounds "7"]
[EventCountry "GER"]
[SourceTitle "playchess.com"]
[Source "ChessBase"]
[SourceQuality "1"]
[WhiteTeam "Saarland"]
[BlackTeam "Bayern 2"]
[TimeControl "40/5400+30:1800+30"]

1. e4 {[%emt 0:00:00]} e5 {[%emt 0:00:00]} 2. Nf3 {[%emt 0:00:00]} Nc6 {[%emt 0:00:00]} 3. Bc4 {[%emt 0:00:12]} Bc5 {[%emt 0:00:26]} 4. c3 {[%emt 0:00:28]} Nf6 {[%emt 0:00:21]} 5. d3 {[%emt 0:00:09]} d6 {[%emt 0:00:32]} 6. O-O {[%emt 0:00:29]} a6 {[%emt 0:00:12]} 7. b4 {[%emt 0:00:39]} Ba7 {[%emt 0:04:50]} 8. a4 {[%emt 0:00:58]} O-O {[%emt 0:02:49]} 9. Na3 {[%emt 0:01:26]} Ne7 {[%emt 0:11:21]} 10. Bg5 {[%emt 0:01:48]} Ng6 {[%emt 0:00:46]} 11. Nc2 {[%emt 0:03:47]} h6 {[%emt 0:04:50]} 12. Be3 {[%emt 0:03:01]} d5 {[%emt 0:11:07]} 13. exd5 {[%emt 0:02:38]} Nxd5 {[%emt 0:02:51]} 14. Bxd5 {[%emt 0:04:34]} Qxd5 {[%emt 0:00:15]} 15. Bxa7 {[%emt 0:01:38]} Rxa7 {[%emt 0:00:14]} 16. Ne3 {[%emt 0:02:01]} Qc6 {[%emt 0:02:14]} 17. Qc2 {[%emt 0:01:37]} Re8 {[%emt 0:07:41]} 18. Rfe1 {[%emt 0:06:59]} Nf4 {[%emt 0:14:20]} 19. Rad1 {[%emt 0:09:05]} Bh3 {[%emt 0:05:24]} 20. d4 {[%emt 0:05:12]} Nxg2 {[%emt 0:09:07]} 21. Nxe5 {[%emt 0:05:48]} Nxe1 {[%emt 0:00:53]} 22. Nxc6 {[%emt 0:04:19]} Nxc2 {[%emt 0:00:06]} 23. Nxa7 {[%emt 0:00:05]} Nxe3 24. Re1 {[%emt 0:01:03]} Ra8 {[%emt 0:00:56]} 25. Rxe3 {[%emt 0:00:07]} Be6 {[%emt 0:00:19]} 26. d5 {[%emt 0:01:40]} Bxd5 {[%emt 0:00:50]} 27. Re7 {[%emt 0:00:21]} Rxa7 {[%emt 0:02:22]} 28. Rxc7 {[%emt 0:00:05]} Ra8 {[%emt 0:01:08]} 29. Kf1 {[%emt 0:00:31]} Bc6 {[%emt 0:00:45]} 30. Ke1 {[%emt 0:00:30]} Bxa4 {[%emt 0:04:29]} 31. Rxb7 {[%emt 0:00:26]} Rc8 {[%emt 0:00:10]} 32. Kd2 {[%emt 0:00:22]} Bb5 {[%emt 0:00:29]} 33. Re7 {[%emt 0:01:10]} Re8 {[%emt 0:01:12]} 34. Rxe8+ {[%emt 0:01:27]} Bxe8 {[%emt 0:00:01]} 35. Kd3 {[%emt 0:00:28]} Kf8 {[%emt 0:01:09]} 36. Kd4 {[%emt 0:00:05]} Ke7 {[%emt 0:00:19]} 37. Kc5 {[%emt 0:00:14]} Kd8 {[%emt 0:00:41]} 38. Kd6 {[%emt 0:00:32]} Bb5 {[%emt 0:00:49]} 39. f3 {[%emt 0:01:19]} g5 {[%emt 0:02:26]} 40. Kd5 {[%emt 0:00:23]} Kd7 {[%emt 0:00:55]} 41. Ke5 {[%emt 0:30:09]} Ke7 {[%emt 0:35:41]} 42. Kd4 {normal} 0-1